000 00899cam a22002773a 4500
001 24418
003 BD-RjUL
005 20211209001040.0
008 140313s1949 1921 enkbj b 001 0 eng d
035 _a(BD-RjUL)24484
040 _aMNN
_cMNN
_dBD-RjUL
_beng
041 _aeng
082 _a942.02
_bDAE 1949
090 _aDA30
_b.H67 v.2
100 1 _aDavis, H. W. Carless
_q(Henry William Carless),
_d1874-1928.
_975173
245 1 0 _aEngland under the Normans and Angevins, 1066-1272 /
_cH. W. C. Davis.
250 _a13th ed.
260 _aLondon :
_bMethuen,
_c1921 [Revised 1949]
300 _axx , 591 p. :
_bmaps ;
_c22 cm.
490 1 _aHistory of England (Methuen) ;
_v2
504 _aBibliography: p. 534-544.
651 0 _aGreat Britain
_xHistory
_yMedieval period, 1066-1485.
_912704
830 0 _v2
_975182
830 0 _aHistory of England (Methuen) ;
_975183
942 _2ddc
_cBK
999 _c24418
_d24418